000 02033ncm0a2200385 4500
001 RU\NLR\ONIZ\303748
005 20260426081100.0
035 _a(NLR Aleph) 022791701
071 2 0 _aМ. 9691 Г.
090 _a13698079
_c13698079
100 _a20240307d1929 u y0rusy50 ca
101 0 _arus
102 _aRU
125 _aa|
128 _adf
145 0 _ab
200 1 _aКаролина
_bНоты
_eнегритянский танец
_e[для фортепиано]
_fБ. Джемс
203 _aМузыка
_bзнаковая
_bвизуальная
_cнепосредственная
210 _aМосква
_cМузсектор Госиздата
_d1929
215 _a3 с.
_cцв. ил.
_d36 см
313 _aСистематизация документа проведена по изданию - Методика классифицирования музыкальных произведений (нотных изданий) по таблицам Библиотечно-библиографических классификаций : метод. рекомендации / Гос. б-ка СССР им. В.И. Ленина.- М., 1977. Индексу ББК методических рекомендаций присваивается код ББК для научных библиотек - LBC/SL
606 1 _aЭстрадная музыка советская
_z20 век
_jНоты
_2nlr_sh
606 1 _aЭстрадные танцы для фортепиано
_yСССР
_jНоты
_2nlr_sh
606 1 _aМузыкальные произведения для фортепиано
_yСССР
_z20 в.
_jНоты
_2nlr_sh
686 0 _aЩ954.2-085(2)
700 1 _6z01790
_aДжемс
_bБ.
_f1895-1965
_gБилли
_4230
_7ca
790 1 _6z01700
_aJames
_bB.
_f1895-1965
_gBilly
_4230
_7ba
801 0 _aRU
_bNLR
_c20240307
_gPSBO
801 1 _aRU
_bNLR
_c20240307
_2rusmarc
801 2 _aRU
_bNLR
_c20240307
852 _aNLR
_jМ К-4/6575
_m274255
_t1
942 _cSCORE
980 _aONIZ
980 _aNB